Bạc và đệm lót

Đã lưu trong:
書目詳細資料
主要作者: Chung Thế Quang ...[et al.]
格式: 圖書
語言:Undetermined
出版: H. GTVT 2003
主題:
標簽: 添加標簽
沒有標簽, 成為第一個標記此記錄!
Thư viện lưu trữ: Trung tâm Học liệu Trường Đại học Cần Thơ
LEADER 00563nam a2200205Ia 4500
001 CTU_57892
008 210402s9999 xx 000 0 und d
020 |b 26000 
082 |a 621.822 
082 |b B101 
100 |a Chung Thế Quang ...[et al.] 
245 0 |a Bạc và đệm lót 
245 0 |c Chung Thế Quang ...[et al.] 
260 |a H. 
260 |b GTVT 
260 |c 2003 
650 |a bearings ( machinery ),machine parts 
650 |x maintenance and repair 
904 |i Minh 
980 |a Trung tâm Học liệu Trường Đại học Cần Thơ